Hydraulic Structures / (Record no. 588700)

000 -LEADER
fixed length control field 01916nam a2200217 4500
003 - CONTROL NUMBER IDENTIFIER
control field NUST
005 - DATE AND TIME OF LATEST TRANSACTION
control field 20220309112315.0
008 - FIXED-LENGTH DATA ELEMENTS--GENERAL INFORMATION
fixed length control field 220309b ||||| |||| 00| 0 eng d
016 ## - NATIONAL BIBLIOGRAPHIC AGENCY CONTROL NUMBER
Source 9783030340889
020 ## - INTERNATIONAL STANDARD BOOK NUMBER
International Standard Book Number 9783030340889
028 ## - PUBLISHER NUMBER
Publisher number Springer
038 ## - RECORD CONTENT LICENSOR
Staff Name SAIF
040 ## - CATALOGING SOURCE
Original cataloging agency Springer
082 ## - DEWEY DECIMAL CLASSIFICATION NUMBER
Edition number 627
Classification number JAM
245 ## - TITLE STATEMENT
Title Hydraulic Structures /
Remainder of title C S James
260 ## - PUBLICATION, DISTRIBUTION, ETC.
Linkage Springer Nature Switzerland AG 2020
Place of publication, distribution, etc. Switzerland
440 ## - SERIES STATEMENT/ADDED ENTRY--TITLE
Title Hydraulic Structures
Number of part/section of a work 1st Edition
International Standard Serial Number 978-3030340889
9 (RLIN) 90524
500 ## - GENERAL NOTE
General note This graduate/upper-division undergraduate textbook provides a solid grounding in the theory underlying the design and analysis of hydraulic structures, including spillways, energy dissipators, culverts, flow measuring structures and others. It describes well-established theory and procedures, as well as recent developments gleaned from the research literature, with a design-oriented perspective. Professor James provides all of the necessary detail for many practical design applications, while retaining a concise presentation, with ample references to many comprehensive supplementary design guides. Appropriate for upper-level undergraduate and graduate civil engineering student and practitioners in the field, the book fosters an understanding of and competence in applying basic theoretical concepts.<br/><br/>Focuses on the hydraulic rather than structural aspects of hydraulic structures with an extensive review of relevant basic hydraulic theory;<br/>Explains clearly the concept of hydraulic control and how controls govern the behavior of different structures;<br/>Reinforces concepts presented with exercise problems set at the ends of chapters;<br/>Provides an extensive review of relevant basic hydraulic theory along with comprehensive references to primary sources and detailed design guides;<br/>Illustrates applications with topical worked examples.
563 ## - BINDING INFORMATION
Binding note H.B
942 ## - ADDED ENTRY ELEMENTS (KOHA)
Source of classification or shelving scheme
Koha item type Book
Holdings
Withdrawn status Lost status Source of classification or shelving scheme Damaged status Not for loan Permanent Location Current Location Date acquired Total Checkouts Full call number Barcode Date last seen Price effective from Koha item type
          School of Civil and Environmental Engineering (SCEE) School of Civil and Environmental Engineering (SCEE) 03/09/2022   627 JAM NIT-13557 03/09/2022 03/09/2022 Book
© 2023 Central Library, National University of Sciences and Technology. All Rights Reserved.